| 000 | 00920cam a2200301 a 4500 | ||
|---|---|---|---|
| 001 | 3336 | ||
| 005 | 20250516092245.0 | ||
| 020 | _a9780823417810 | ||
| 040 |
_aDLC _cDLC _dDLC _beng |
||
| 050 | 0 | 0 |
_aPZ7.R88525 _b 2003 |
| 082 | 0 | 0 | _a514 |
| 100 | 1 | _aRuelle, Karen Gray | |
| 245 | 1 | 0 |
_aMother's Day mess / _cKaren Gray Ruelle |
| 250 | _aFirst edition | ||
| 260 |
_aNew York : _bHoliday House, _c2003 |
||
| 300 |
_a32 pages : _bcolor illustrations ; _c24 cm. |
||
| 490 | _aA Harry & Emily Adventure | ||
| 505 | _aJ | ||
| 520 | _aHarry and Emily's plans to give their mother a perfect Mother's Day run into some unexpected difficulties. | ||
| 521 |
_a460
_bLexile |
||
| 521 |
_aJ
_bRaz-Plus |
||
| 650 | 1 |
_aMother's Day _vFiction |
|
| 650 | 1 |
_aSiblings _vFiction |
|
| 650 | 1 |
_aCats _vFiction |
|
| 650 | 1 | _aHumorous stories | |
| 906 |
_a7 _bcbc _corignew _d1 _eocip _f20 _gy-gencatlg |
||
| 942 |
_2ddc _cBK _n0 |
||
| 999 |
_c3336 _d3336 |
||